Régimen de trabajo agrario /
Guardado en:
| Autor Principal: | |
|---|---|
| Otros Autores: | |
| Formato: | Libro |
| Idioma: | Spanish |
| Publicado: |
Buenos Aires :
Errepar,
c2013.
|
| Materias: | |
| Etiquetas: |
Agregar Etiqueta
Sin Etiquetas, Sea el primero en etiquetar este registro!
|
| LEADER | 00828nam a22002415a 4500 | ||
|---|---|---|---|
| 001 | EAD.ead004401 | ||
| 008 | 191112s2013####ag#######b####000#0#spa#d | ||
| 005 | 20200302120649.0 | ||
| 245 | 1 | 0 | |a Régimen de trabajo agrario / |c José Luis Sirena, Martín Yañez. |
| 260 | |a Buenos Aires : |b Errepar, |c c2013. | ||
| 300 | |a xxviii, 432 p. ; |c 24 cm. | ||
| 504 | |a Incluye referencias bibliográficas. | ||
| 100 | 1 | |a Sirena, José Luis. | |
| 700 | 1 | |a Yañez, Martín. | |
| 082 | 0 | 4 | |a 348.60863 |2 21 |
| 650 | 7 | |a Derecho del trabajo. |2 unbist | |
| 653 | |a Derecho agrario | ||
| 650 | 7 | |a Trabajadores agrícolas. |2 isoc | |
| 650 | 7 | |a Seguridad social. |2 unbist | |
| 650 | 7 | |a Contratos de trabajo. |2 unbist | |
| 650 | 7 | |a Estudios de casos. |2 unbist | |
| 651 | 7 | |a Argentina. |2 unbist | |
| 859 | |a AR-BaBDC |b BIB. ADMINISTRACION - Libros |h 348.60863 |i Si77 |p b07039 | ||
